| 000 | 01012nam a2200289 i 4500 | ||
|---|---|---|---|
| 001 | 18649 | ||
| 003 | ES-MaACL | ||
| 005 | 20250317133905.0 | ||
| 007 | t| | ||
| 008 | 020213s2000 sp ||||0| spa j | ||
| 020 | _a84-88306-61-X | ||
| 040 |
_aM-BN _bspa _cM-BN |
||
| 080 | _a008.2 | ||
| 245 | 0 | 0 |
_aAlgunas cuestiones clave para el siglo XXI / _cJuan Velarde Fuertes ... [et al.] ; prólogo de Manuel García-Miranda y Rivas. |
| 260 |
_aMadrid : _bFundación Cánovas del Castillo : _bRubiños-1860, _c[2000] |
||
| 300 |
_a207 p : _bil ; _c21 cm. |
||
| 490 | 1 | _aVeintiuno | |
| 500 | _aRecoge el ciclo de conferencias "Algunas Cuestiones Clave para el Siglo XXI" | ||
| 650 | 1 | 4 |
_aCivilización futura. _911094 |
| 700 |
_aVelarde Fuertes, Juan, _9236903 _d1927-2023 |
||
| 700 | 1 |
_aGarcía-Miranda y Rivas, Manuel. _954958 |
|
| 710 | 2 |
_aFundación Cánovas del Castillo. _94244 |
|
| 830 | 0 |
_aVeintiuno _9180481 |
|
| 852 |
_aES-MaACL _jL-25224 _bR.130720 |
||
| 942 | _2udc | ||
| 999 |
_c18649 _d18649 |
||